00246nam a2200109Ia 4500100003300000654001300033245003200046260001900078082001900097300000800116546001200124 aDanesh/ Arman/ Tatters/ Wes  acomputer aJava Script 1.1. Devs guide bSams netc1996 a5.133bDAN/TAT a604 aENGLISH